000 00895am a2200289a 44500
003 AR-BaBNM
005 20251128210954.0
008 262020s2000 #AR|||||||||||000 | spa||
020 _a950-802-102-0
040 _cAR-BaBNM
100 1 _aAguilar Montero, Luis Angel
245 1 0 _aDe la integración a la inclusividad
_bla atención a la diversidad: pilar básico en la escuela del siglo XXI
250 _a1ª ed.
260 _aBuenos Aires
_bEspacio Editorial
_c2000
300 _a287 p.
490 0 _aDidáctica
500 _aContiene apéndices documentales
504 _aContiene referencias bibliográficas p. 105-109
650 4 _aINTEGRACION ESCOLAR
650 4 _aEDUCACION ESPECIAL
650 4 _aHISTORIA DE LA EDUCACION
651 4 _aEspaña
653 _aEDUCACION EN LA DIVERSIDAD
653 _aNECESIDADES EDUCATIVAS ESPECIALES
942 _cBK
998 _craquel
999 _c17703
_d17703